[Event "CYCC U10"]
[Site "Windsor CAN"]
[Date "2010.07.07"]
[Round "4"]
[White "Aghamalian, Derick"]
[Black "Zotkin, Daniel"]
[Result "1/2-1/2"]
[WhiteElo "1445"]
[BlackElo "1504"]
[PlyCount "109"]
[EventDate "2010.07.06"]
[EventType "swiss"]
[EventRounds "7"]
[EventCountry "CAN"]

1. e4 c5 2. Nf3 Nc6 3. d4 cxd4 4. Nxd4 g6 5. Be3 Bg7 6. Nc3 Nf6 7. Be2 O-O 8.
O-O d6 9. f4 Qb6 10. Na4 Qc7 11. Nc3 a6 12. a3 Bd7 13. Qd3 Rac8 14. Rac1 Rfd8
15. Rfd1 Bg4 16. h3 Bxe2 17. Qxe2 b5 18. Qf2 Qb7 19. Rf1 Nxd4 20. Bxd4 Nxe4 21.
Nxe4 Qxe4 22. Bxg7 Kxg7 23. Rfe1 Qb7 24. Qd4+ Kg8 25. c3 Rc4 26. Qe3 Re8 27.
Rb1 d5 28. Qf3 e6 29. Rbd1 Kg7 30. Rxd5 Rf8 31. Rd3 Qxf3 32. Rxf3 Rd8 33. g3
Kf6 34. Kf1 Rd7 35. Kf2 Rc5 36. Re2 Rcd5 37. Rfe3 Rd2 38. Rxd2 Rxd2+ 39. Re2
Rxe2+ 40. Kxe2 Kf5 41. Ke3 e5 42. fxe5 Kxe5 43. b3 f5 44. h4 h6 45. Kf3 g5 46.
hxg5 hxg5 47. Ke3 f4+ 48. gxf4+ gxf4+ 49. Kf3 a5 50. a4 bxa4 51. bxa4 Kd5 52.
Kxf4 Kc4 53. Ke4 Kb3 54. Kd5 Kxa4 55. c4 1/2-1/2

[Event "CYCC U10"]
[Site "Windsor CAN"]
[Date "2010.07.07"]
[Round "4"]
[White "Cao, Jason"]
[Black "Gugel, Brett"]
[Result "1-0"]
[WhiteElo "1398"]
[BlackElo "1408"]
[PlyCount "85"]
[EventDate "2010.07.06"]
[EventType "swiss"]
[EventRounds "7"]
[EventCountry "CAN"]

1. d4 d6 2. c4 Nf6 3. Nc3 c6 4. Nf3 Nbd7 5. g3 e5 6. e4 Be7 7. Bg2 Qc7 8. O-O
O-O 9. h3 Re8 10. Re1 Nf8 11. Be3 Ng6 12. d5 c5 13. a3 h6 14. Qd3 a6 15. b4 b6
16. Reb1 Nh7 17. a4 Rb8 18. Rb2 Rf8 19. Rab1 Bd7 20. Kh2 f5 21. Ne1 Ng5 22. h4
Nxe4 23. Nxe4 fxe4 24. Bxe4 Nh8 25. Bh7+ Kf7 26. b5 a5 27. f4 exf4 28. Bxf4 Ke8
29. Nf3 Bg4 30. Re1 Kd8 31. Rbe2 Bf6 32. Bg6 Nxg6 33. Qxg6 Bd7 34. Nd2 Kc8 35.
Ne4 Be8 36. Nxd6+ Qxd6 37. Rxe8+ Qd8 38. Bxb8 Kxb8 39. Rxd8+ Rxd8 40. Re8 Rxe8
41. Qxe8+ Kc7 42. Qc6+ Kd8 43. Qxb6+ 1-0

[Event "CYCC U10"]
[Site "Windsor CAN"]
[Date "2010.07.07"]
[Round "4"]
[White "Gorry, Matthew"]
[Black "Warnock, Luc"]
[Result "1-0"]
[WhiteElo "1092"]
[BlackElo "861"]
[PlyCount "69"]
[EventDate "2010.07.06"]
[EventType "swiss"]
[EventRounds "7"]
[EventCountry "CAN"]

1. e3 Nf6 2. g3 g6 3. b3 Bg7 4. Bb2 O-O 5. Bg2 d6 6. h3 Nc6 7. d3 h6 8. g4 d5
9. e4 e6 10. exd5 exd5 11. Nf3 Nh7 12. Bxg7 Kxg7 13. Ng1 Qe8+ 14. Ne2 Nd4 15.
Bf1 Nb5 16. f4 Qe3 17. c4 Qg3+ 18. Nxg3 Re8+ 19. Be2 Nd6 20. g5 hxg5 21. fxg5
Nxg5 22. h4 Nh7 23. h5 Nf5 24. Nxf5+ gxf5 25. h6+ Kh8 26. Rg1 d4 27. Qc1 c5 28.
Nc3 Rg8 29. Rxg8+ Kxg8 30. Qf4 f6 31. Qg3+ Ng5 32. Qh2 Kh8 33. Nd5 Nh7 34. Qg1
Be6 35. Qg7# 1-0

[Event "CYCC U10"]
[Site "Windsor CAN"]
[Date "2010.07.07"]
[Round "4"]
[White "Xia, Jefferson"]
[Black "Yilmaz, Burak"]
[Result "1-0"]
[WhiteElo "843"]
[BlackElo "800"]
[PlyCount "57"]
[EventDate "2010.07.06"]
[EventType "swiss"]
[EventRounds "7"]
[EventCountry "CAN"]

1. e4 Nc6 2. Nf3 e5 3. Nc3 Nf6 4. Bc4 Bb4 5. d3 d6 6. h3 Be6 7. Bxe6 fxe6 8.
Bg5 h6 9. Bh4 Nd4 10. a3 Ba5 11. O-O Qe7 12. Nxd4 exd4 13. b4 Bb6 14. Nd5 Qf7
15. Nxf6+ gxf6 16. a4 c5 17. b5 O-O-O 18. a5 Bc7 19. a6 b6 20. Qf3 d5 21. Bxf6
Qd7 22. Bxd8 Rxd8 23. exd5 Qd6 24. g3 exd5 25. h4 Rf8 26. Qg4+ Kb8 27. Rfe1 Bd8
28. Re6 Qc7 29. Rc6 1-0

[Event "CYCC U10"]
[Site "Windsor CAN"]
[Date "2010.07.07"]
[Round "4"]
[White "Zhao, Frederick"]
[Black "McCullough, Ian"]
[Result "1-0"]
[WhiteElo "1231"]
[BlackElo "1090"]
[PlyCount "81"]
[EventDate "2010.07.06"]
[EventType "swiss"]
[EventRounds "7"]
[EventCountry "CAN"]

1. e4 e6 2. d4 d5 3. exd5 exd5 4. Nf3 Nc6 5. Be2 Nf6 6. Nc3 Bb4 7. Bd2 O-O 8.
O-O Bg4 9. a3 Ba5 10. b4 Bb6 11. Be3 Re8 12. h3 Bxf3 13. Bxf3 Qd7 14. Qd2 Qf5
15. Rad1 Re7 16. Rfe1 Rae8 17. Ne2 a6 18. Ng3 Qg6 19. c3 a5 20. a4 axb4 21.
cxb4 Nxd4 22. Bxd4 Bxd4 23. Rxe7 Bxf2+ 24. Qxf2 Rxe7 25. Bxd5 Nxd5 26. Rxd5 h6
27. Rd8+ Kh7 28. Rd1 Qe6 29. Qf5+ g6 30. Qxe6 Rxe6 31. a5 b6 32. axb6 cxb6 33.
Rd7 Kg7 34. Kf2 Kf8 35. Kf3 Ke8 36. Rd4 Ke7 37. Re4 Rxe4 38. Kxe4 Kd6 39. Kd4
f5 40. Ne2 h5 41. Nf4 1-0

[Event "CYCC U10"]
[Site "Windsor CAN"]
[Date "2010.07.07"]
[Round "4"]
[White "Zhu, Jeffrey"]
[Black "Zhang, Jeff"]
[Result "1-0"]
[WhiteElo "1212"]
[BlackElo "1312"]
[PlyCount "33"]
[EventDate "2010.07.06"]
[EventType "swiss"]
[EventRounds "7"]
[EventCountry "CAN"]

1. d4 d5 2. c4 e6 3. a3 Nf6 4. Nc3 Bd6 5. Nf3 Nc6 6. Bg5 Be7 7. e3 O-O 8. Bd3
dxc4 9. Bxc4 b6 10. O-O Bb7 11. Re1 h6 12. Bh4 Qd6 13. e4 e5 14. d5 Nb8 15. Rc1
Nbd7 16. b4 Rfc8 17. Nb5 1-0

[Event "CYCC U10"]
[Site "Windsor CAN"]
[Date "2010.07.08"]
[Round "5"]
[White "Kassam, Jamil"]
[Black "Gugel, Brett"]
[Result "1-0"]
[WhiteElo "1786"]
[BlackElo "1408"]
[PlyCount "119"]
[EventDate "2010.07.06"]
[EventType "swiss"]
[EventRounds "7"]
[EventCountry "CAN"]

1. e4 d6 2. d4 Nf6 3. Nc3 c6 4. Nf3 Nbd7 5. Be2 e5 6. dxe5 dxe5 7. O-O Be7 8.
Bg5 Qc7 9. Bc4 O-O 10. Qe2 Re8 11. Rad1 Nf8 12. h3 h6 13. Be3 Ng6 14. Rfe1 Nh5
15. Qf1 Nhf4 16. Ne2 Ne6 17. Rd2 Nc5 18. Nc3 a6 19. Red1 b5 20. Bd3 Be6 21. a3
Nb7 22. a4 b4 23. Ne2 a5 24. Ng3 Bc5 25. Bxc5 Nxc5 26. Bc4 Rad8 27. Bxe6 Nxe6
28. Qc4 Rxd2 29. Rxd2 Rd8 30. Rxd8+ Nxd8 31. Qd3 Ne6 32. Nf5 Nc5 33. Qd6 Qxd6
34. Nxd6 Nxa4 35. Nc4 c5 36. b3 Nc3 37. Nfxe5 Nxe5 38. Nxe5 Nxe4 39. Nc4 Kf8
40. Nxa5 Nd2 41. Nb7 Nb1 42. Kf1 Na3 43. Nxc5 Nxc2 44. Ke2 Nd4+ 45. Kd3 Nf5 46.
Kc4 Nh4 47. g3 Nf5 48. Kxb4 Ke7 49. Kc4 Kd6 50. b4 Kc6 51. b5+ Kb6 52. Na4+ Ka5
53. Kc5 Kxa4 54. b6 Nxg3 55. fxg3 g5 56. b7 f5 57. b8=Q Ka3 58. Kc4 Ka2 59. Kc3
f4 60. Qb2# 1-0

[Event "CYCC U10"]
[Site "Windsor CAN"]
[Date "2010.07.08"]
[Round "5"]
[White "Rice, Joshua"]
[Black "Wiebe, Ricky"]
[Result "0-1"]
[WhiteElo "950"]
[BlackElo "996"]
[PlyCount "128"]
[EventDate "2010.07.06"]
[EventType "swiss"]
[EventRounds "7"]
[EventCountry "CAN"]

1. e4 e5 2. Nf3 Nc6 3. d3 Bb4+ 4. c3 Bc5 5. b4 Bd6 6. d4 Qf6 7. dxe5 Bxe5 8.
Nxe5 Nxe5 9. f4 Qh4+ 10. g3 Qf6 11. fxe5 Qxe5 12. Qe2 d6 13. Qb5+ Qxb5 14.
Bxb5+ c6 15. Bd3 Nf6 16. b5 a6 17. bxc6 bxc6 18. Na3 O-O 19. Rf1 Bh3 20. Rg1
Rfe8 21. Nc4 d5 22. Nd6 Re6 23. Nb7 dxe4 24. Bc4 Re7 25. Nc5 Rd8 26. Nb7 Rxb7
27. Ke2 Bg4+ 28. Kf2 Rd1 29. Rxd1 Bxd1 30. Bxa6 Ra7 31. Be2 Ng4+ 32. Bxg4 Bxg4
33. Rb1 Ra8 34. Rb4 Rxa2+ 35. Bb2 h6 36. Rb8+ Kh7 37. Rb4 Bf5 38. c4 Ra5 39.
Bc1 c5 40. Rb5 Rxb5 41. cxb5 Bd7 42. b6 Bc6 43. Be3 c4 44. Bc1 Kg6 45. h4 Kf5
46. Bb2 g5 47. hxg5 Kxg5 48. Bc1+ Kg6 49. Bd2 e3+ 50. Bxe3 c3 51. Ke2 c2 52. g4
h5 53. Kd2 Be4 54. Ke2 hxg4 55. Kf2 Kh5 56. Kg1 Kh4 57. Bf2+ Kh3 58. Bd4 Kg3
59. Bf2+ Kf3 60. Kf1 c1=Q+ 61. Be1 Bd3+ 62. Kg1 Qxe1+ 63. Kh2 Qg3+ 64. Kh1 Qg2#
0-1

[Event "CYCC U10"]
[Site "Windsor CAN"]
[Date "2010.07.08"]
[Round "5"]
[White "Yilmaz, Burak"]
[Black "Deforest, Matthew"]
[Result "1-0"]
[WhiteElo "800"]
[BlackElo "550"]
[PlyCount "53"]
[EventDate "2010.07.06"]
[EventType "swiss"]
[EventRounds "7"]
[EventCountry "CAN"]

1. e4 e5 2. Nf3 Bc5 3. Nc3 Bb6 4. d3 Qe7 5. Be3 Ba5 6. Bd2 Bb6 7. Bg5 Qc5 8.
Be3 Qc6 9. Bxb6 axb6 10. Nxe5 Qe6 11. f4 f6 12. Nd5 fxe5 13. Nxc7+ Ke7 14. Nxe6
Kxe6 15. Qg4+ Kd6 16. Qxg7 exf4 17. Qxh8 h6 18. Qxg8 f3 19. gxf3 h5 20. Qxc8
Na6 21. Qxa8 Nc5 22. Qf8+ Ke5 23. Qf5+ Kd4 24. Qd5+ Ke3 25. Qg5+ Kd4 26. Ke2 d6
27. Qd5# 1-0

[Event "CYCC U10"]
[Site "Windsor CAN"]
[Date "2010.07.08"]
[Round "5"]
[White "Zhang, Jeff"]
[Black "Bashura, Brian"]
[Result "1-0"]
[WhiteElo "1312"]
[BlackElo "930"]
[PlyCount "129"]
[EventDate "2010.07.06"]
[EventType "swiss"]
[EventRounds "7"]
[EventCountry "CAN"]

1. e4 e5 2. Nf3 d6 3. Bc4 Nf6 4. d3 Nc6 5. Nc3 Nd4 6. h3 c5 7. Bg5 Be7 8. Nd5
Be6 9. Bxf6 Bxf6 10. c3 Nxf3+ 11. Qxf3 a6 12. a4 Be7 13. g3 O-O 14. h4 Rb8 15.
h5 h6 16. Nxe7+ Qxe7 17. Rg1 b5 18. axb5 axb5 19. Ba2 Ra8 20. c4 b4 21. Kd2 b3
22. Bxb3 Rxa1 23. Rxa1 Rb8 24. Kc3 Qb7 25. Ra3 Bd7 26. Qd1 Ba4 27. Rxa4 g6 28.
hxg6 fxg6 29. Qc2 g5 30. Ba2 h5 31. Qb3 h4 32. Qxb7 Rxb7 33. Ra8+ Kg7 34. gxh4
gxh4 35. Bb3 h3 36. Ra1 Rb8 37. Rh1 Rh8 38. Bd1 Kg6 39. Bf3 Kg5 40. Kd2 Kf4 41.
Ke2 h2 42. b3 Rh3 43. Bg2 Rh4 44. Kd2 Kg4 45. Kc3 Kf4 46. b4 Kg5 47. bxc5 dxc5
48. Kb3 Kf6 49. Ka4 Ke6 50. Kb5 Kd6 51. Ra1 Rh7 52. Ra6+ Ke7 53. Ra7+ Kf6 54.
Rxh7 Kg5 55. Rxh2 Kg4 56. Rh3 Kg5 57. Rf3 Kg4 58. Kxc5 Kg5 59. Kd5 Kg6 60. Kxe5
Kg5 61. Rg3+ Kh5 62. Kf5 Kh6 63. Bf3 Kh7 64. Kf6 Kh6 65. Rh3# 1-0

[Event "CYCC U10"]
[Site "Windsor CAN"]
[Date "2010.07.08"]
[Round "5"]
[White "Zhao, Frederick"]
[Black "Aghamalian, Derick"]
[Result "0-1"]
[WhiteElo "1231"]
[BlackElo "1445"]
[PlyCount "140"]
[EventDate "2010.07.06"]
[EventType "swiss"]
[EventRounds "7"]
[EventCountry "CAN"]

1. e4 e5 2. Nf3 Nc6 3. d4 exd4 4. Nxd4 Nf6 5. Nc3 Bb4 6. Nxc6 bxc6 7. Bd3 O-O
8. O-O Re8 9. Re1 h6 10. Bd2 d6 11. a3 Bc5 12. Na4 Bb6 13. Nxb6 cxb6 14. Bf4
Bb7 15. Qd2 Re6 16. e5 dxe5 17. Bxe5 c5 18. Rad1 Qd5 19. f4 Rae8 20. c4 Qc6 21.
Bf1 Ne4 22. Qc2 f6 23. Bc3 Nxc3 24. Qxc3 Re4 25. Qd2 Qe6 26. Rxe4 Bxe4 27. Re1
f5 28. Bd3 Qg6 29. Re2 Qd6 30. Bxe4 Qxd2 31. Bd5+ Qxd5 32. Rxe8+ Kf7 33. cxd5
Kxe8 34. Kf2 Kd7 35. Ke3 Kd6 36. Kd3 Kxd5 37. b3 a6 38. g3 b5 39. h3 h5 40. h4
g6 41. Ke3 c4 42. bxc4+ bxc4 43. Kd2 Kd4 44. Kc2 c3 45. a4 a5 46. Kc1 Kd3 47.
Kd1 c2+ 48. Kc1 Ke3 49. Kxc2 Kf3 50. Kc3 Kxg3 51. Kc4 Kxf4 52. Kb5 Ke3 53. Kxa5
f4 54. Kb6 f3 55. a5 f2 56. a6 f1=Q 57. a7 Qf3 58. Kc7 Qa8 59. Kb6 Kf4 60. Ka6
Kg4 61. Kb6 Kxh4 62. Ka6 Kg3 63. Kb6 h4 64. Ka6 h3 65. Kb6 h2 66. Ka6 h1=Q 67.
Kb6 Qg1+ 68. Kb5 Qaxa7 69. Kc6 Qgd4 70. Kb5 Qdc5# 0-1

[Event "CYCC U10"]
[Site "Windsor CAN"]
[Date "2010.07.08"]
[Round "5"]
[White "Zotkin, Daniel"]
[Black "Zhu, Jeffrey"]
[Result "1-0"]
[WhiteElo "1594"]
[BlackElo "1212"]
[PlyCount "103"]
[EventDate "2010.07.06"]
[EventType "swiss"]
[EventRounds "7"]
[EventCountry "CAN"]

1. e4 e5 2. Nf3 Nc6 3. Bc4 Bc5 4. O-O Nf6 5. d4 Bxd4 6. Nxd4 Nxd4 7. Bg5 O-O 8.
f4 d6 9. fxe5 dxe5 10. Nc3 Be6 11. Nd5 Bg4 12. Bxf6 Bxd1 13. Bxd8 Be2 14. Bxe2
Nxe2+ 15. Kf2 Raxd8 16. Kxe2 c6 17. Nc3 Rd7 18. Rad1 Re7 19. Rd3 f6 20. Rfd1
Ree8 21. Rd7 Rb8 22. Na4 f5 23. exf5 Rxf5 24. Rd8+ Rxd8 25. Rxd8+ Kf7 26. Rd7+
Kg6 27. Rxb7 Rf4 28. Rxa7 h5 29. Ra6 Kh7 30. Nc3 c5 31. Ra4 c4 32. g3 Rg4 33.
b3 cxb3 34. Rxg4 hxg4 35. cxb3 Kg8 36. a4 Kf7 37. a5 e4 38. a6 g5 39. a7 e3 40.
a8=Q Kg6 41. Qg8+ Kf5 42. Qf7+ Ke5 43. Kxe3 Kd6 44. Kd4 Kc6 45. Qd5+ Kb6 46.
Na4+ Ka6 47. Qc6+ Ka7 48. Qb6+ Ka8 49. Qb5 Ka7 50. Kc5 Ka8 51. Kc6 Ka7 52. Qb7#
1-0

[Event "CYCC U10"]
[Site "Windsor CAN"]
[Date "2010.07.08"]
[Round "6"]
[White "Aghamalian, Derick"]
[Black "Cao, Jason"]
[Result "1/2-1/2"]
[WhiteElo "1445"]
[BlackElo "1398"]
[PlyCount "60"]
[EventDate "2010.07.06"]
[EventType "swiss"]
[EventRounds "7"]
[EventCountry "CAN"]

1. e4 e5 2. Nf3 Nc6 3. Bc4 Bc5 4. c3 Nf6 5. d4 exd4 6. cxd4 Bb4+ 7. Bd2 Bxd2+
8. Nbxd2 d5 9. exd5 Nxd5 10. Qe2+ Be6 11. O-O O-O 12. Rfe1 h6 13. Rac1 Qf6 14.
Ne4 Qd8 15. Nc5 Nf4 16. Qe4 Bxc4 17. Rxc4 Qd5 18. Qxd5 Nxd5 19. Nxb7 Rfb8 20.
Rxc6 Rxb7 21. b3 Nb4 22. Rc4 Nxa2 23. Nd2 Rd8 24. Re7 Kf8 25. Rcxc7 Rxc7 26.
Rxc7 Rxd4 27. Nf1 Rd1 28. Rxa7 Nc1 29. g3 Nxb3 30. Kg2 g6 1/2-1/2

[Event "CYCC U10"]
[Site "Windsor CAN"]
[Date "2010.07.08"]
[Round "6"]
[White "Bacic, Matthew"]
[Black "Xia, Jefferson"]
[Result "0-1"]
[WhiteElo "791"]
[BlackElo "843"]
[PlyCount "48"]
[EventDate "2010.07.06"]
[EventType "swiss"]
[EventRounds "7"]
[EventCountry "CAN"]

1. f4 d5 2. d4 Nf6 3. Nc3 Nc6 4. e3 e6 5. Nh3 Be7 6. g3 O-O 7. Bg2 Ng4 8. Qxg4
e5 9. fxe5 Bxg4 10. e4 Nxd4 11. a4 Nxc2+ 12. Kd2 Nxa1 13. Nxd5 Nb3+ 14. Kc2
Nd4+ 15. Kc3 Nc6 16. Bg5 Bxg5 17. Nxg5 Qxg5 18. h3 Be6 19. h4 Qxg3+ 20. Ne3
Qxe3+ 21. Kc2 Rad8 22. h5 Rd2+ 23. Kb1 Qb3 24. Bh3 Qxb2# 0-1

[Event "CYCC U10"]
[Site "Windsor CAN"]
[Date "2010.07.08"]
[Round "6"]
[White "Cheung, Lukas"]
[Black "Zhao, Frederick"]
[Result "0-1"]
[WhiteElo "1040"]
[BlackElo "1310"]
[PlyCount "52"]
[EventDate "2010.07.06"]
[EventType "swiss"]
[EventRounds "7"]
[EventCountry "CAN"]

1. e4 e5 2. Nf3 Nc6 3. d4 exd4 4. Nxd4 Bc5 5. c3 d6 6. Nxc6 bxc6 7. f3 Be6 8.
Bd3 Nf6 9. b4 Bb6 10. Qa4 Bd7 11. Ba6 Rb8 12. b5 cxb5 13. Bxb5 O-O 14. Bg5 Bxb5
15. Qxb5 Bf2+ 16. Kxf2 Rxb5 17. Bxf6 Qxf6 18. Na3 Rb2+ 19. Ke3 Qxc3+ 20. Kf4
Qxa3 21. Rac1 Rxg2 22. h4 Qa5 23. Rcg1 Qd2+ 24. Kf5 g6+ 25. Kf6 Re8 26. Rxg2
Re6# 0-1

[Event "CYCC U10"]
[Site "Windsor CAN"]
[Date "2010.07.08"]
[Round "6"]
[White "Deforest, Matthew"]
[Black "Rice, Joshua"]
[Result "0-1"]
[WhiteElo "550"]
[BlackElo "950"]
[PlyCount "128"]
[EventDate "2010.07.06"]
[EventType "swiss"]
[EventRounds "7"]
[EventCountry "CAN"]

1. e4 e5 2. Bc4 d6 3. Qf3 f6 4. Bb3 Nc6 5. Qe2 Nd4 6. Qd3 Nxb3 7. axb3 Qd7 8.
Qe2 Qf7 9. Qb5+ Bd7 10. Qb4 Qg6 11. Nf3 c5 12. Qc3 Qxe4+ 13. Qe3 Qxe3+ 14. dxe3
O-O-O 15. O-O e4 16. Nfd2 Re8 17. Rxa7 Bb5 18. Ra8+ Kd7 19. Ra5 Bxf1 20. Nxf1
b6 21. Rb5 Kc6 22. c4 Ne7 23. Nfd2 g5 24. Nxe4 f5 25. Nxg5 Rg8 26. Nxh7 Nc8 27.
Nxf8 Rexf8 28. f3 Na7 29. e4 Nxb5 30. exf5 Rxf5 31. cxb5+ Kxb5 32. Na3+ Ka5 33.
Bd2+ Ka6 34. b4 cxb4 35. Bxb4 Rd5 36. Kf1 Rd1+ 37. Kf2 Rh8 38. h3 Rc8 39. g4 d5
40. Ke2 Rh1 41. Kf2 Rxh3 42. Kg2 Rhh8 43. f4 Rhd8 44. Be7 Re8 45. Bb4 Rcd8 46.
Kf2 d4 47. Nb1 Kb5 48. Ba3 d3 49. b3 d2 50. Nxd2 Rxd2+ 51. Kf3 Red8 52. g5
R8d3+ 53. Kg4 Rxb3 54. Bf8 Rg2+ 55. Kf5 Rc3 56. Bg7 Rc5+ 57. Kf6 Rf2 58. g6
Rxf4+ 59. Ke6 Rc6+ 60. Ke7 Rc7+ 61. Ke8 Rxg7 62. Kd8 Rxg6 63. Kc8 Rf7 64. Kb8
Rg8# 0-1

[Event "CYCC U10"]
[Site "Windsor CAN"]
[Date "2010.07.08"]
[Round "6"]
[White "Gugel, Brett"]
[Black "Warnock, Luc"]
[Result "1-0"]
[WhiteElo "1408"]
[BlackElo "861"]
[PlyCount "49"]
[EventDate "2010.07.06"]
[EventType "swiss"]
[EventRounds "7"]
[EventCountry "CAN"]

1. e4 Nf6 2. e5 Ne4 3. d4 c5 4. f3 Qa5+ 5. c3 Ng5 6. Bxg5 h6 7. Bd2 cxd4 8.
cxd4 Qd8 9. Nc3 f6 10. f4 d6 11. Bb5+ Nc6 12. e6 Bxe6 13. d5 Bxd5 14. Nxd5 a6
15. Be3 Qa5+ 16. Bd2 axb5 17. Bxa5 Nxa5 18. Nc7+ Kd8 19. Nxa8 Nc4 20. Qd4 d5
21. Qxd5+ Kc8 22. Rc1 Kb8 23. Qxb5 Ne3 24. Rc8+ Kxc8 25. Qe8# 1-0

[Event "CYCC U10"]
[Site "Windsor CAN"]
[Date "2010.07.08"]
[Round "6"]
[White "Wiebe, Ricky"]
[Black "Yilmaz, Burak"]
[Result "0-1"]
[WhiteElo "996"]
[BlackElo "800"]
[PlyCount "124"]
[EventDate "2010.07.06"]
[EventType "swiss"]
[EventRounds "7"]
[EventCountry "CAN"]

1. e4 e5 2. Nf3 Nc6 3. Bc4 Nf6 4. Ng5 d5 5. Bd3 dxe4 6. Nxe4 Bf5 7. Qf3 Bxe4 8.
Bxe4 Qd7 9. Bxc6 bxc6 10. Qd3 Qxd3 11. cxd3 Bc5 12. O-O O-O 13. Re1 Rae8 14. b3
Ng4 15. Kh1 Nxf2+ 16. Kg1 Nxd3+ 17. Kf1 Nxe1 18. Kxe1 f6 19. Ba3 Bxa3 20. Nxa3
Rd8 21. Rc1 Rd6 22. Nc4 Rd7 23. Na5 Re8 24. Rxc6 Red8 25. Rc2 Rd5 26. Nc6 R8d6
27. Ne7+ Kf8 28. Nxd5 Rxd5 29. Rxc7 Ra5 30. h4 Rxa2 31. h5 h6 32. Ke2 Ra1 33.
g4 Rg1 34. g5 Rxg5 35. Rxa7 Rxh5 36. b4 e4 37. Rb7 f5 38. b5 f4 39. Rb8+ Kf7
40. b6 f3+ 41. Kf2 Rb5 42. b7 h5 43. Ke3 Ke6 44. Kxe4 f2 45. Re8+ Kd6 46. Rd8+
Kc7 47. Rf8 Rxb7 48. Rxf2 g5 49. Rf7+ Kb6 50. Rxb7+ Kxb7 51. Kf5 h4 52. Kg4 Kc6
53. Kh3 Kd5 54. Kg4 Kd4 55. Kxg5 h3 56. Kg4 h2 57. d3 h1=Q 58. Kg3 Qe1+ 59. Kg2
Ke3 60. Kh3 Kf3 61. Kh2 Qg3+ 62. Kh1 Qg2# 0-1

[Event "CYCC U10"]
[Site "Windsor CAN"]
[Date "2010.07.08"]
[Round "6"]
[White "Zhang, Jeff"]
[Black "Kassam, Jamil"]
[Result "0-1"]
[WhiteElo "1312"]
[BlackElo "1786"]
[PlyCount "72"]
[EventDate "2010.07.06"]
[EventType "swiss"]
[EventRounds "7"]
[EventCountry "CAN"]

1. e4 e6 2. d4 d5 3. Nd2 c5 4. c3 cxd4 5. cxd4 Bb4 6. Bd3 dxe4 7. Bxe4 Qxd4 8.
Bc2 Nf6 9. Ngf3 Qd8 10. a3 Be7 11. O-O O-O 12. Qe2 Bd7 13. Ne4 Nd5 14. Qd3 f5
15. Ng3 Nc6 16. Bd2 Nb6 17. Bc3 Bf6 18. Bxf6 Qxf6 19. b4 e5 20. Nd2 Rad8 21.
Qc3 Kh8 22. Rad1 Nd5 23. Qc5 Be6 24. Bb3 a6 25. Nf3 Nf4 26. Rxd8 Rxd8 27. Bxe6
Nxe6 28. Qb6 Qf7 29. Re1 e4 30. Nh4 Ncd4 31. a4 g5 32. Nhxf5 Nxf5 33. Rxe4 Nxg3
34. hxg3 Rd1+ 35. Kh2 Qh5+ 36. Rh4 gxh4 0-1

[Event "CYCC U10"]
[Site "Windsor CAN"]
[Date "2010.07.08"]
[Round "6"]
[White "Zhu, Jeffrey"]
[Black "McCullough, Ian"]
[Result "0-1"]
[WhiteElo "1212"]
[BlackElo "1090"]
[PlyCount "154"]
[EventDate "2010.07.06"]
[EventType "swiss"]
[EventRounds "7"]
[EventCountry "CAN"]

1. d4 Nf6 2. c4 c5 3. d5 e6 4. Nc3 exd5 5. cxd5 d6 6. e4 a6 7. a4 g6 8. Bc4 Bg7
9. Nf3 Bg4 10. O-O Nbd7 11. Bf4 Nb6 12. Bd3 O-O 13. Qe2 Re8 14. h3 Bxf3 15.
Qxf3 Re7 16. Rfe1 Rc8 17. Qg3 Nh5 18. Qh2 Nxf4 19. Qxf4 Qd7 20. a5 Na8 21. Re3
Nc7 22. Be2 Rce8 23. Bg4 Qd8 24. Rae1 c4 25. Rg3 Be5 26. Qf3 Bxg3 27. Qxg3 Nb5
28. Ra1 Nxc3 29. Qxc3 Rxe4 30. Bf3 R4e5 31. Qxc4 Re1+ 32. Rxe1 Rxe1+ 33. Kh2
Qe7 34. Qg4 Qe5+ 35. g3 Qxb2 36. Kg2 Qe5 37. Qc8+ Qe8 38. Qxb7 Qb5 39. Qc8+ Re8
40. Qc3 Qb7 41. h4 Rc8 42. Qd2 Qb1 43. Be2 Qb7 44. Kh3 Rc5 45. Bf3 Qb5 46. Qf4
Qxa5 47. Qxd6 Qc7 48. Qxa6 Qc8+ 49. Qxc8+ Rxc8 50. d6 Rd8 51. Be4 Rxd6 52. f4
Kf8 53. Kg4 f5+ 54. Bxf5 gxf5+ 55. Kxf5 Kg7 56. g4 Ra6 57. g5 Ra5+ 58. Kg4 Kg6
59. h5+ Kf7 60. f5 Ra1 61. Kf4 Rg1 62. g6+ hxg6 63. fxg6+ Kg7 64. Kf5 Kh6 65.
Kf6 Kxh5 66. g7 Kh6 67. g8=Q Rxg8 68. Kf7 Rg1 69. Kf6 Rf1+ 70. Ke5 Re1+ 71. Kd4
Kg5 72. Kd3 Kf4 73. Kd2 Re8 74. Kd1 Kf3 75. Kc2 Rd8 76. Kc3 Ke4 77. Kc4 Rc8+
0-1

[Event "CYCC U10"]
[Site "Windsor CAN"]
[Date "2010.07.09"]
[Round "7"]
[White "Bashura, Brian"]
[Black "Bacic, Matthew"]
[Result "1-0"]
[WhiteElo "930"]
[BlackElo "771"]
[PlyCount "33"]
[EventDate "2010.07.06"]
[EventType "swiss"]
[EventRounds "7"]
[EventCountry "CAN"]

1. e4 e5 2. Nf3 d5 3. Nxe5 h5 4. Qf3 f6 5. Ng6 Rh6 6. Nxf8 Kxf8 7. e5 Ne7 8. d4
Nec6 9. Bxh6 gxh6 10. Qxh5 Kg7 11. Bd3 Kf8 12. Qxh6+ Ke7 13. exf6+ Kd6 14. f7+
Kd7 15. f8=Q Nxd4 16. Bf5+ Ne6 17. Qxe6# 1-0

[Event "CYCC U10"]
[Site "Windsor CAN"]
[Date "2010.07.09"]
[Round "7"]
[White "Cao, Jason"]
[Black "Zhao, Frederick"]
[Result "1-0"]
[WhiteElo "1398"]
[BlackElo "1231"]
[PlyCount "37"]
[EventDate "2010.07.06"]
[EventType "swiss"]
[EventRounds "7"]
[EventCountry "CAN"]

1. d4 d5 2. c4 e6 3. Nc3 Nf6 4. Nf3 Nc6 5. e3 Be7 6. Bd3 dxc4 7. Bxc4 O-O 8.
O-O Bd7 9. b3 Re8 10. Bb2 Bd6 11. Re1 e5 12. Nb5 Bb4 13. dxe5 Bxe1 14. exf6 Bb4
15. Ng5 Rf8 16. Qh5 h6 17. Bxf7+ Rxf7 18. Qxf7+ Kh8 19. Qxg7# 1-0

[Event "CYCC U10"]
[Site "Windsor CAN"]
[Date "2010.07.09"]
[Round "7"]
[White "McCullough, Ian"]
[Black "Gugel, Brett"]
[Result "0-1"]
[WhiteElo "1090"]
[BlackElo "1408"]
[PlyCount "82"]
[EventDate "2010.07.06"]
[EventType "swiss"]
[EventRounds "7"]
[EventCountry "CAN"]

1. d4 d6 2. c4 Nf6 3. Bg5 e6 4. Nc3 Be7 5. Nf3 Nbd7 6. e3 O-O 7. Bd3 c6 8. O-O
Re8 9. Re1 Nf8 10. Qb3 Qc7 11. Bf4 Nh5 12. Be2 Nxf4 13. exf4 Ng6 14. g3 Rb8 15.
Qa4 Bd7 16. Qc2 Bf6 17. Rac1 Rec8 18. Bd3 a6 19. Ne4 Be7 20. Nfg5 Re8 21. c5
Bxg5 22. Nxg5 Re7 23. Ne4 d5 24. Nd6 b5 25. Re2 f5 26. Rce1 Qd8 27. Qc3 Qf8 28.
Qa5 Qf6 29. Qxa6 Qxd4 30. Qa7 Rd8 31. Bxf5 Bc8 32. Qb6 Rxd6 33. cxd6 Qxb6 34.
dxe7 Nxe7 35. Bxe6+ Bxe6 36. Rxe6 Ng6 37. f5 Nf8 38. Re8 d4 39. g4 d3 40. Rd1
Qd4 41. Re3 Qxg4+ 0-1

[Event "CYCC U10"]
[Site "Windsor CAN"]
[Date "2010.07.09"]
[Round "7"]
[White "Rice, Joshua"]
[Black "Warnock, Luc"]
[Result "1-0"]
[WhiteElo "950"]
[BlackElo "861"]
[PlyCount "75"]
[EventDate "2010.07.06"]
[EventType "swiss"]
[EventRounds "7"]
[EventCountry "CAN"]

1. e4 Nc6 2. d4 e5 3. dxe5 Nxe5 4. f4 Nc6 5. Ne2 d6 6. Nd4 Nb8 7. e5 c5 8. Nb5
Qa5+ 9. c3 a6 10. Nxd6+ Bxd6 11. exd6 Bd7 12. b4 cxb4 13. cxb4 Qxb4+ 14. Bd2
Qe4+ 15. Be2 Qxg2 16. Rf1 Qxh2 17. Qb3 Be6 18. Qxb7 Qh4+ 19. Rf2 Bd7 20. Qxa8
Bc6 21. Qa7 Nh6 22. Qe3+ Kd7 23. Qd3 Ng4 24. Bxg4+ Qxg4 25. Nc3 Qg1+ 26. Qf1
Re8+ 27. Re2 Qg3+ 28. Qf2 Qg2 29. Qxg2 Bxg2 30. Rxe8 h5 31. Rxb8 h4 32. Rb7+
Kxd6 33. Rb6+ Kc5 34. Rbb1 h3 35. Na4+ Kd4 36. Rb4+ Kd3 37. Nc5+ Kc2 38. Rc1#
1-0

[Event "CYCC U10"]
[Site "Windsor CAN"]
[Date "2010.07.09"]
[Round "7"]
[White "Wiebe, Ricky"]
[Black "Deforest, Matthew"]
[Result "1-0"]
[WhiteElo "996"]
[BlackElo "550"]
[PlyCount "53"]
[EventDate "2010.07.06"]
[EventType "swiss"]
[EventRounds "7"]
[EventCountry "CAN"]

1. e4 e5 2. Bc4 Qf6 3. d3 Bc5 4. Qe2 Bb4+ 5. c3 Ba5 6. b4 Bb6 7. Nf3 d6 8. Bg5
Qg6 9. O-O h6 10. Bh4 f5 11. exf5 Qxf5 12. Qe4 g6 13. Qxf5 gxf5 14. Bf6 e4 15.
Bxh8 exd3 16. Bxd3 c6 17. Re1+ Ne7 18. Bf6 d5 19. Rxe7+ Kf8 20. Rh7 a5 21. Ne5
axb4 22. Rf7+ Kg8 23. cxb4 c5 24. bxc5 Bxc5 25. Rg7+ Kf8 26. Rh7 Ra5 27. Rh8#
1-0